| 000 | 01462nam a22003017a 4500 | ||
|---|---|---|---|
| 001 | 5003 | ||
| 003 | FISKH | ||
| 005 | 20241031120819.0 | ||
| 008 | 241031b cb ||||| |||| 00| 0 eng d | ||
| 020 | _a9780698116160 | ||
| 040 |
_aFISKH _beng _cFISKH _dFISKH |
||
| 050 | _aE99.D1 | ||
| 082 | _a978.004975 | ||
| 100 |
_aBruchac, Joseph _d(1942-) |
||
| 245 |
_aA boy called slow / _cJoseph Bruchac Illustrated by Rocco Baviera |
||
| 250 | _a1994 | ||
| 260 |
_aNew York : _bThe Putnam&Grosset, _c1994. |
||
| 300 |
_a31 pages : _bColor illustrations ; _c26 cm |
||
| 505 | _aR | ||
| 520 | _ahe True Story of Sitting Bull from multi-award-winning author Joseph Bruchac. Anxious to be given a name as strong and brave as that of his father, a proud Lakota Sioux grows into manhood, acting with careful deliberation, determination, and bravery, which eventually earned him his proud new name: Sitting Bull. An ALA Notable Book "Being named Slow and growing up in the shadow of a great warrior hardly dwarfed the prospects of this protagonist: he grew up to be Sitting Bull. Bruchac's sensitively told story of Sitting Bull's coming-of-age reassures young boys that success comes through effort, not birth." --Booklist | ||
| 521 | 8 |
_a760L
_bLexile |
|
| 521 | 8 |
_aR
_bRaz-Plus |
|
| 650 |
_2Sitting Bull _aNon-fiction _vNative Americans |
||
| 650 |
_2History _aPicture book |
||
| 700 |
_aBaviera, Rocco _dIllustrator |
||
| 942 |
_2ddc _cBK _n0 |
||
| 999 |
_c5003 _d5003 |
||